000
00292nam a22001097a 4500
008
150818b xxu||||| |||| 00| 0 eng d
020
_a
0201198290
082
_a
005.7565 5 DAV
100
_a
DAVIS, WILLIAM S
245
_a
COMPUTING FUNDAMENTALS dBASE IV
260
_a
NEW YORK :
_b
ADDISON-WESLEY,
_c
1990.
999
_c
57
_d
57